| 000 | nam a22 7a 4500 | ||
|---|---|---|---|
| 999 |
_c24195 _d24195 |
||
| 008 | 170128b xxu||||| |||| 00| 0 eng d | ||
| 020 | _a9780077330934 | ||
| 050 | _aGE 105 .C86 2009 | ||
| 100 |
_aCunningham, William P. _d2009 |
||
| 245 |
_aPrinciples of Environmental Science: _bInquiry & Applications/ _cWilliam C. Cunningham, Mary Ann Cunningham. |
||
| 250 | _a5th ed. | ||
| 260 |
_aNew york: _bMc Graw hill, _c2009. |
||
| 300 |
_axxiii, 408p.: _bill.; _c28cm. |
||
| 521 | _aIncludes bibliographical references and index. | ||
| 650 | _aEnvironmental science. | ||
| 700 | _aCunningham, Mary Ann. | ||
| 942 |
_2lcc _cBOOKS _hGE 105 .C86 2009 |
||